B vocabulary words - Statistics

General Stats
  • This quiz has been taken 124 times
  • The average score is 7 of 15
Answer Stats
Hint Answer % Correct
Wasp look a like Bee
94%
Alternate name for the UK Britain
94%
Uses echo location Bat
71%
Austrailian city Brisbane
71%
Smaller softball Baseball
63%
Nuts and Bolts
63%
Keeps you warm Blanket
58%
baby cabbage Brussel
44%
Packaging Material Bubble Wrap
42%
Black and Yellow Superhero Batman
37%
Sturdy body part Bottom
35%
Marios arch nemesis Bowser
25%
Batman nemesis in darknight rises Bane
24%
Oldies Games, All the corners Bingo
17%
Sweet Bread Brioche
12%
No matching quizzes found
Score Distribution
Percent of People with Each Score
Percentile by Number Answered
Your Score History
You have not taken this quiz